| 000 | 01419cam a2200337 i 4500 | ||
|---|---|---|---|
| 001 | 9798 | ||
| 003 | Mx-PuUPA | ||
| 005 | 20241128133554.0 | ||
| 008 | 140415s2015 mx a gr 000 0 spa d | ||
| 020 | _a9786071720948 | ||
| 040 |
_cMx-PuUPA _aMx-PuUPA _bspa _dMx-PuUPA _erda |
||
| 041 | 0 | _aspa | |
| 100 | 1 |
_aRodríguez Rocha, Julio César, _eautor _916525 |
|
| 245 | 1 | 0 |
_aInstalaciones eléctricas : _bproyectos residenciales e industriales / _cJulio César Rodríguez Rocha, Carlos I. Aguirre Vélez |
| 250 | _aSegunda edición | ||
| 264 | 1 |
_aCiudad de México : _bEditorial Trillas, _c©2015 |
|
| 300 |
_a238 páginas : _bilustraciones, diagramas, tablas ; _c24 cm |
||
| 336 |
_2rdacontent _atexto _btxt |
||
| 336 |
_2rdacontent _aimagen fija _bsti |
||
| 337 |
_2rdamedia _asin medio _bn |
||
| 338 |
_2rdacarrier _avolumen _bnc |
||
| 500 | _a"Materiales y equipos ; Cálculo e iluminación ; Cargas y dispositivos de control y protección ; NOM-001-SEDE-2012". -- Cubierta | ||
| 545 | 1 | _aReimpresiones: (Agosto, 2022). | |
| 650 | 7 |
_2armarc _aInstalaciones eléctricas interiores _vManuales, etc. |
|
| 650 | 7 |
_2armarc _aInstalaciones eléctricas _vManuales, etc., |
|
| 700 | 1 |
_aAguirre Vélez, Carlos I., _eautor |
|
| 942 |
_2ddc _cLI _h621.31924 _iR68 |
||
| 999 |
_c9798 _d9798 |
||